United States-Japan trade : Issues and problems
Guardat en:
| Format: | Llibre |
|---|---|
| Idioma: | Undetermined |
| Publicat: |
1979
|
| Matèries: | |
| Etiquetes: |
Afegir etiqueta
Sense etiquetes, Sigues el primer a etiquetar aquest registre!
|
| Thư viện lưu trữ: | Trung tâm Học liệu Trường Đại học Cần Thơ |
|---|
| LEADER | 00462nam a2200169Ia 4500 | ||
|---|---|---|---|
| 001 | CTU_96777 | ||
| 008 | 210402s9999 xx 000 0 und d | ||
| 082 | |a 382 | ||
| 082 | |b U58/1979 | ||
| 245 | 0 | |a United States-Japan trade : | |
| 245 | 0 | |b Issues and problems | |
| 260 | |c 1979 | ||
| 650 | |a United states,Japan | ||
| 650 | |x Commerce,Commerce | ||
| 650 | |z Japan,United states | ||
| 904 | |i Tuyến | ||
| 980 | |a Trung tâm Học liệu Trường Đại học Cần Thơ | ||